[Event "Pula op"]
[Site "Pula"]
[Date "2009.07.04"]
[Round "9"]
[White "Zelic, Mladen"]
[Black "Gunis, Juraj"]
[Result "0-1"]
[WhiteElo "2313"]
[BlackElo "2049"]
[PlyCount "74"]
[EventDate "2009.06.27"]
[EventType "swiss"]
[EventRounds "9"]
[EventCountry "CRO"]
[SourceTitle "CBM 131 Extra"]
[Source "ChessBase"]
[SourceDate "2009.09.03"]
[SourceVersion "2"]
[SourceVersionDate "2009.09.16"]
[SourceQuality "1"]

1. e4 c5 2. d4 cxd4 3. c3 dxc3 4. Nxc3 d6 5. Nf3 e6 6. Bc4 a6 7. 0-0 Nc6 8. Qe2 b5 9. Bb3 Ra7 10. Be3 Rd7 11. Nd4 Na5 12. f4 Nxb3 13. axb3 Bb7 14. f5 e5 15. Nc2 Nf6 16. Nb4 d5 17. Nbxd5 Nxd5 18. Nxd5 Bxd5 19. exd5 Rxd5 20. Rxa6 Be7 21. Rb6 Qd7 22. Qg4 g6 23. Rb8+ Bd8 24. Qg5 Qe7 25. fxg6 hxg6 26. Qg4 0-0 27. Rc1 Qd6 28. Rcc8 Be7 29. h3 Rd1+ 30. Kh2 e4+ 31. Bf4 Qd4 32. Qe2 Qg1+ 33. Kg3 Rd3+ 34. Qxd3 exd3 35. Rxf8+ Bxf8 36. Bd6 d2 37. Bxf8 Qe3+ 0-1

[Event "Pula op"]
[Site "Pula"]
[Date "2009.07.03"]
[Round "8"]
[White "Gunis, Juraj"]
[Black "Perhinig, Robert"]
[Result "1/2-1/2"]
[WhiteElo "2049"]
[BlackElo "2300"]
[PlyCount "105"]
[EventDate "2009.06.27"]
[EventType "swiss"]
[EventRounds "9"]
[EventCountry "CRO"]
[SourceTitle "CBM 131 Extra"]
[Source "ChessBase"]
[SourceDate "2009.09.03"]
[SourceVersion "2"]
[SourceVersionDate "2009.09.16"]
[SourceQuality "1"]

1. e4 e6 2. d4 d5 3. Nd2 c5 4. exd5 exd5 5. Ngf3 Nf6 6. c3 Nc6 7. Be2 Be7 8. dxc5 Bxc5 9. Nb3 Be7 10. 0-0 0-0 11. Bg5 Bg4 12. Nfd4 Be6 13. Re1 h6 14. Bh4 Qd7 15. Bb5 g5 16. Nxe6 fxe6 17. Bg3 a6 18. Bxc6 bxc6 19. Qe2 Ne4 20. Qh5 Kh7 21. Re2 Bd6 22. Rxe4 dxe4 23. Rd1 e5 24. Bxe5 Qf5 25. Bd4 Be5 26. Be3 Rad8 27. Re1 a5 28. Qe2 a4 29. Nd4 Bxd4 30. Bxd4 c5 31. Be3 Rd3 32. h3 Kg6 33. g4 Qf3 34. Bxc5 Qxe2 35. Rxe2 Rc8 36. Bd4 Rxh3 37. Rxe4 Kf7 38. b3 a3 39. Re5 Re8 40. Ra5 Re4 41. Kg2 Rd3 42. Rxa3 Rxg4+ 43. Kf1 Rd2 44. Ra6 h5 45. a4 h4 46. Rh6 Rb2 47. b4 Rxd4 48. cxd4 Rxb4 49. a5 Rxd4 50. a6 Kg7 51. Rb6 Ra4 52. Kg2 g4 53. a7 1/2-1/2

[Event "SVK-chT2B 0809"]
[Site "Slovakia"]
[Date "2009.03.01"]
[Round "11.2"]
[White "Gunis, Juraj"]
[Black "Borosova, Zuzana"]
[Result "0-1"]
[WhiteElo "2065"]
[BlackElo "2234"]
[PlyCount "142"]
[EventDate "2008.10.11"]
[EventType "team-tourn"]
[EventRounds "11"]
[EventCountry "SVK"]
[SourceTitle "EXT 2010"]
[Source "ChessBase"]
[SourceDate "2010.11.25"]
[SourceVersion "1"]
[SourceVersionDate "2010.11.25"]
[SourceQuality "1"]
[WhiteTeam "Partizanske SK Neomax"]
[BlackTeam "Komarno KSC"]
[WhiteTeamCountry "SVK"]
[BlackTeamCountry "SVK"]

1. Nf3 Nf6 2. c4 g6 3. g3 Bg7 4. Bg2 d5 5. 0-0 d4 6. d3 0-0 7. e3 c5 8. exd4 cxd4 9. a3 a5 10. b3 Nc6 11. Re1 Nd7 12. Bb2 Nc5 13. Qc2 e5 14. Nbd2 f5 15. Rab1 Re8 16. Nh4 g5 17. Bd5+ Kh8 18. Ng2 Ne7 19. b4 axb4 20. axb4 Nxd5 21. bxc5 Nb4 22. Qb3 Na6 23. Ba3 g4 24. f4 gxf3 25. Nxf3 e4 26. Nfh4 Qa5 27. Qb5 Qxb5 28. cxb5 Nc7 29. Bc1 Nd5 30. Bf4 Nc3 31. Rb2 Ra5 32. c6 Rxb5 33. Rxb5 Nxb5 34. cxb7 Bxb7 35. Nxf5 e3 36. Nxg7 Kxg7 37. Bxe3 dxe3 38. Rxe3 Rxe3 39. Nxe3 Nd4 40. Kf2 Ba6 41. Nd5 Nc6 42. Nf4 Ne5 43. Ke2 Kh6 44. h3 Bc8 45. h4 Ng6 46. Nd5 Bb7 47. Nf6 Ne5 48. Ke3 Kg6 49. Ne8 Ng4+ 50. Kf4 Nf6 51. Nd6 Ba6 52. d4 Be2 53. Ke3 Bd1 54. Kd2 Bg4 55. Ke3 Nh5 56. Kf2 Kf6 57. Ne4+ Kf5 58. Nc3 h6 59. Kg2 Nf6 60. Nb5 Ne4 61. Na3 Nc3 62. Nc2 Ke4 63. Kf2 h5 64. Ne1 Nd1+ 65. Kg1 Ne3 66. d5 Nxd5 67. Ng2 Kf3 68. Kh2 Kf2 69. Kh1 Bf3 70. Kh2 Bxg2 71. g4 hxg4 0-1

[Event "SVK-chT2B 0809"]
[Site "Slovakia"]
[Date "2009.01.31"]
[Round "8.3"]
[White "Jancovic, Peter"]
[Black "Gunis, Juraj"]
[Result "1-0"]
[WhiteElo "2118"]
[BlackElo "2065"]
[PlyCount "103"]
[EventDate "2008.10.11"]
[EventType "team-tourn"]
[EventRounds "11"]
[EventCountry "SVK"]
[SourceTitle "EXT 2010"]
[Source "ChessBase"]
[SourceDate "2010.11.25"]
[SourceVersion "1"]
[SourceVersionDate "2010.11.25"]
[SourceQuality "1"]
[WhiteTeam "Nitra NSK III"]
[BlackTeam "Partizanske SK Neomax"]
[WhiteTeamCountry "SVK"]
[BlackTeamCountry "SVK"]

1. d4 Nf6 2. c4 g6 3. Nf3 Bg7 4. g3 0-0 5. Bg2 d6 6. 0-0 Nc6 7. Nc3 e5 8. e3 a6 9. b3 Rb8 10. a4 Bg4 11. h3 Bf5 12. dxe5 dxe5 13. Ba3 Qxd1 14. Rfxd1 Rfd8 15. Ne1 Na5 16. g4 Be6 17. Rab1 Rxd1 18. Nxd1 b5 19. axb5 axb5 20. Bb4 Nxb3 21. Rxb3 Bxc4 22. Rb1 Nd5 23. Bxd5 Bxd5 24. Nc3 Bc4 25. Rd1 Be6 26. Nd5 Bxd5 27. Rxd5 f6 28. Nd3 Bf8 29. Nc5 Bxc5 30. Rxc5 Rb7 31. f4 exf4 32. exf4 Kf7 33. Kf2 Ke6 34. f5+ gxf5 35. gxf5+ Kd7 36. Kf3 Rb8 37. h4 c6 38. Rc1 Ra8 39. Rd1+ Kc7 40. Be7 Kb7 41. Rd7+ Kb6 42. Bxf6 Rf8 43. Bd8+ Ka6 44. Ke4 b4 45. Rd2 Kb5 46. Be7 Re8 47. f6 b3 48. Kd3 c5 49. Kc3 c4 50. Rd5+ Ka4 51. Rd8 b2 52. Kxb2 1-0

[Event "SVK-chT2B 0809"]
[Site "Slovakia"]
[Date "2008.12.07"]
[Round "6.3"]
[White "Gombar, Peter"]
[Black "Gunis, Juraj"]
[Result "1/2-1/2"]
[WhiteElo "2016"]
[BlackElo "2065"]
[PlyCount "129"]
[EventDate "2008.10.11"]
[EventType "team-tourn"]
[EventRounds "11"]
[EventCountry "SVK"]
[SourceTitle "EXT 2010"]
[Source "ChessBase"]
[SourceDate "2010.11.25"]
[SourceVersion "1"]
[SourceVersionDate "2010.11.25"]
[SourceQuality "1"]
[WhiteTeam "Belusa Hermes"]
[BlackTeam "Partizanske SK Neomax"]
[WhiteTeamCountry "SVK"]
[BlackTeamCountry "SVK"]

1. d4 Nf6 2. Nf3 g6 3. Bf4 Bg7 4. c3 d6 5. h3 0-0 6. e3 Nbd7 7. Bd3 Qe8 8. e4 e5 9. dxe5 dxe5 10. Be3 Qe7 11. Nbd2 Re8 12. Nb3 Qf8 13. 0-0 Bh6 14. Qd2 Bxe3 15. Qxe3 Nh5 16. g3 Nb6 17. Kh2 Qg7 18. Be2 Kh8 19. Rad1 h6 20. Nc5 c6 21. Nh4 Nf6 22. Rd2 Nh7 23. Nf3 Nf8 24. Rfd1 Ne6 25. b3 Kh7 26. Nxe6 Bxe6 27. Qc5 Qf6 28. Qxe5 Qxe5 29. Nxe5 Bxb3 30. axb3 Rxe5 31. Bf3 Rae8 32. Bg2 R5e7 33. f4 Kg7 34. Bf3 Nc8 35. Rd8 Rxd8 36. Rxd8 Rc7 37. Kg2 h5 38. Kf2 Kf6 39. e5+ Ke7 40. Rd2 b6 41. Ke3 c5 42. c4 Ke8 43. g4 hxg4 44. hxg4 Ke7 45. f5 gxf5 46. gxf5 f6 47. e6 Nd6 48. Kf4 b5 49. cxb5 Nxb5 50. Rh2 Nd4 51. Rh7+ Kd6 52. Rxc7 Kxc7 53. Bd1 Kd6 54. Ke4 a5 55. Kf4 Nc6 56. Ke4 Ne7 57. Be2 Nd5 58. Bc4 Nb6 59. Bb5 Nd5 60. Bc4 Ne7 61. Bb5 Kc7 62. Ba4 Kd6 63. Bb5 Nc8 64. Bc4 Na7 65. e7 1/2-1/2

[Event "SVK-chT2B 0809"]
[Site "Slovakia"]
[Date "2008.12.06"]
[Round "5.2"]
[White "Gunis, Juraj"]
[Black "Detko, Jan"]
[Result "0-1"]
[WhiteElo "2065"]
[BlackElo "2140"]
[PlyCount "118"]
[EventDate "2008.10.11"]
[EventType "team-tourn"]
[EventRounds "11"]
[EventCountry "SVK"]
[SourceTitle "EXT 2010"]
[Source "ChessBase"]
[SourceDate "2010.11.25"]
[SourceVersion "1"]
[SourceVersionDate "2010.11.25"]
[SourceQuality "1"]
[WhiteTeam "Partizanske SK Neomax"]
[BlackTeam "Prievidza SK II"]
[WhiteTeamCountry "SVK"]
[BlackTeamCountry "SVK"]

1. c4 e5 2. Nc3 Nc6 3. Nf3 f5 4. d4 e4 5. Ng5 Bb4 6. Nh3 Bxc3+ 7. bxc3 d6 8. Bg5 Qd7 9. e3 Qf7 10. Be2 Nf6 11. 0-0 0-0 12. Nf4 Na5 13. Bxf6 Qxf6 14. Qa4 b6 15. c5 dxc5 16. dxc5 Qxc3 17. Rac1 Qe5 18. Rfd1 g5 19. Rd5 Qf6 20. Nh5 Qf7 21. Qd4 Be6 22. cxb6 Bxd5 23. Rxc7 Nc6 24. Rxc6 axb6 25. Nf6+ Kh8 26. Nxd5+ Qg7 27. Qxg7+ Kxg7 28. Bc4 Rfc8 29. Ne7 Rxc6 30. Nxc6 Rc8 31. Bb5 Kf6 32. Kf1 Ke6 33. Ke2 Rc7 34. Kd2 h5 35. Ke2 Kd5 36. Nd4 f4 37. a4 g4 38. Be8 h4 39. h3 g3 40. fxg3 fxg3 41. Nb3 Rc8 42. Bg6 Ra8 43. a5 bxa5 44. Nd2 Rb8 45. Bxe4+ Kc5 46. Kd3 Kb4 47. Nf3 Kc5 48. Kc3 a4 49. Bc2 a3 50. Bb3 Rf8 51. Ne1 Rf1 52. Nd3+ Kd6 53. Nb4 Rf2 54. Bd5 a2 55. Bxa2 Rxg2 56. Bb1 Re2 57. Be4 Rxe3+ 58. Kd4 Rxe4+ 59. Kxe4 g2 0-1

[Event "SVK-chT2B 0708"]
[Site "Slovakia"]
[Date "2008.02.03"]
[Round "9.5"]
[White "Spik, Peter"]
[Black "Gunis, Juraj"]
[Result "1-0"]
[WhiteElo "2095"]
[BlackElo "2061"]
[PlyCount "91"]
[EventDate "2007.10.06"]
[EventType "team-tourn"]
[EventRounds "11"]
[EventCountry "SVK"]
[SourceTitle "EXT 2010"]
[Source "ChessBase"]
[SourceDate "2010.11.25"]
[SourceVersion "1"]
[SourceVersionDate "2010.11.25"]
[SourceQuality "1"]
[WhiteTeam "Sala Slovan Duslo"]
[BlackTeam "Partizanske SK Neomax"]
[WhiteTeamCountry "SVK"]
[BlackTeamCountry "SVK"]

1. d4 Nf6 2. c4 g6 3. Nc3 Bg7 4. Nf3 0-0 5. e3 d6 6. Bd3 Nbd7 7. 0-0 e5 8. Qc2 c6 9. b3 Re8 10. Ba3 Qc7 11. Rad1 Nf8 12. h3 Ne6 13. Bxd6 Qxd6 14. dxe5 Qc7 15. exf6 Bxf6 16. Ne4 Be7 17. Qc3 Nc5 18. Nf6+ Bxf6 19. Qxf6 Qe7 20. Qxe7 Rxe7 21. Bc2 Be6 22. Rd2 a5 23. Rfd1 Kg7 24. Rd8 Rxd8 25. Rxd8 a4 26. Nd4 axb3 27. axb3 Na6 28. Nxe6+ Rxe6 29. Kf1 Nb4 30. Bd1 Re7 31. Ke1 Rc7 32. Kd2 Kf6 33. Bg4 c5 34. Rd6+ Ke7 35. Rb6 Kd8 36. Kc3 h5 37. Bf3 Kc8 38. Bd5 Nxd5+ 39. cxd5 Kd7 40. Kc4 Kc8 41. d6 Rd7 42. Kxc5 Kb8 43. Kd5 Ka7 44. Rb4 Ka6 45. Re4 Kb5 46. Re7 1-0

[Event "SVK-chT2B 0607"]
[Site "Slovakia"]
[Date "2007.02.04"]
[Round "9.5"]
[White "Gunis, Juraj"]
[Black "Pallag, Gergely"]
[Result "1-0"]
[WhiteElo "2062"]
[BlackElo "1977"]
[PlyCount "143"]
[EventDate "2006.10.14"]
[EventType "team-tourn"]
[EventRounds "11"]
[EventCountry "SVK"]
[SourceTitle "EXT 2008"]
[Source "ChessBase"]
[SourceDate "2007.11.25"]
[SourceVersion "1"]
[SourceVersionDate "2007.11.25"]
[SourceQuality "1"]
[WhiteTeam "Partizanske"]
[BlackTeam "Komarno KSC"]
[WhiteTeamCountry "SVK"]
[BlackTeamCountry "SVK"]

1. Nf3 Nf6 2. c4 g6 3. Nc3 Bg7 4. g3 0-0 5. Bg2 d6 6. d4 c6 7. 0-0 Nbd7 8. e4 e5 9. d5 cxd5 10. cxd5 Nc5 11. Ne1 b6 12. b4 Ncd7 13. Bg5 h6 14. Be3 Ne8 15. Rc1 f5 16. f3 Ba6 17. b5 Bb7 18. Qd2 Kh7 19. Nd3 Rc8 20. Nb4 f4 21. Bf2 Nef6 22. Bh3 Rc7 23. Nc6 Qe8 24. Nxa7 Nh5 25. g4 Nhf6 26. Nc6 Kh8 27. Kh1 Nc5 28. Qc2 Nh7 29. Na4 Ng5 30. Nxc5 dxc5 31. Bg2 Qd7 32. h4 Nf7 33. a4 Ra8 34. Be1 Bxc6 35. bxc6 Qd8 36. Rb1 Rca7 37. Qb3 Rb8 38. Bf2 Bf8 39. Rfc1 Raa8 40. Kg1 Be7 41. Rc2 Kg7 42. Kf1 Nd6 43. h5 g5 44. Kg1 Ne8 45. Bf1 Bd6 46. Be1 Qc7 47. Bc3 Kf6 48. Bb5 Ng7 49. Ra2 Qd8 50. Qc4 Ne8 51. Qe2 Bc7 52. Qb2 Ng7 53. Rd1 Qd6 54. Qe2 Ne8 55. Rad2 Ra7 56. Rd3 Raa8 57. R3d2 Ra7 58. Kg2 Raa8 59. Ra1 Ra7 60. Rda2 Rba8 61. Rd1 Rb8 62. Rda1 Qd8 63. Rd1 Qd6 64. Rda1 Qd8 65. Qd2 Raa8 66. Qe1 Nd6 67. Bxe5+ Kf7 68. Bxd6 Qxd6 69. Bc4 Re8 70. Qc3 Ra5 71. Re1 Re5 72. Rb1 1-0